Normal view MARC view
  • Bushong.s.c

Entry Personal Name

Number of records used in: 1

001 - CONTROL NUMBER

  • control field: 3486

003 - CONTROL NUMBER IDENTIFIER

  • control field: OSt

005 - DATE AND TIME OF LATEST TRANSACTION

  • control field: 20170620125346.0

008 - FIXED-LENGTH DATA ELEMENTS

  • fixed length control field: 170617|| aca||aabn | a|a d

040 ## - CATALOGING SOURCE

  • Original cataloging agency: OSt

100 ## - HEADING--PERSONAL NAME

  • Personal name: Bushong.s.c

Powered by Koha